Uyo online journal of the humanities (uojh) (Record no. 38768)

MARC details
000 -LEADER
fixed length control field 00418nam a2200157Ia 4500
022 ## - INTERNATIONAL STANDARD SERIAL NUMBER
ISSN 21416931
050 ## - CALL MARK
Classification number AS 30. U96/
245 #0 - TITLE STATEMENT
Title Uyo online journal of the humanities (uojh)
260 ## - PUBLICATION, DISTRIBUTION, ETC. (IMPRINT)
Place of publication Uyo
260 ## - PUBLICATION, DISTRIBUTION, ETC. (IMPRINT)
Year of publication 2011
300 ## - PHYSICAL DESCRIPTION
Number of Pages vi. , 104 p. 25 cm.
650 ## - SUBJECT ADDED ENTRY--TOPICAL TERM
Topical Term Humanities--Periodicals. Social sciences--Periodicals.
942 ## - ADDED ENTRY ELEMENTS (KOHA)
Koha item type Serials

No items available.